|
|
|
|
| LEADER |
00000nam a22000007a 4500 |
| 005 |
20130502153535.0 |
| 007 |
cr|||| |||| |
| 008 |
130502e2011 mx |||||s|||| 00||0 spa d |
| 020 |
|
|
|a 978-607-406-268-7
|
| 035 |
|
|
|a 10944
|
| 040 |
|
|
|a vLex
|
| 090 |
|
|
|c 4244
|d 4244
|
| 100 |
1 |
0 |
|a Martn̕ez Gutiřrez, Javier
|
| 245 |
1 |
0 |
|a 40 casos prc̀ticos sobre deducciones autorizadas
|c / Javier Martn̕ez Gutiřrez
|h [Recurso electrn̤ico]
|
| 256 |
|
|
|a Servicio en ln̕ea
|
| 260 |
|
|
|a Mx̌ico D.F. :
|b Ediciones Fiscales ISEF,
|c 2011
|
| 300 |
|
|
|a 1 Recurso electrn̤ico
|
| 506 |
|
|
|d vLex Global
|d vLex Global (Academic Edition, excluding Law Schools)
|d vLex Global (U.S. Academic Edition, Law Schools)
|d vLex Global (U.S. Academic Edition, excluding Law Schools)
|d vLex Global (Academic Edition, Law Schools)
|
| 650 |
0 |
4 |
|a Derecho tributario
|z Mx̌ico
|
| 740 |
|
|
|a vLex Libros (Servicio en ln̕ea)
|
| 856 |
|
|
|a Acceso restringido
|u http://www.vlex.com/source/10944
|
| 942 |
|
|
|c BOOK
|
| 999 |
|
0 |
|a Taxation
|